| 000 | 01063nam a22003137a 4500 | ||
|---|---|---|---|
| 003 | CHAP | ||
| 005 | 20220329135120.0 | ||
| 008 | 971013s1985 r 00010 d | ||
| 010 | _a31181 | ||
| 011 | _a32153 | ||
| 035 | _a36266 | ||
| 040 | _cCHAP | ||
| 090 | _aTesis | ||
| 100 | 0 | 0 |
_aMárquez González, Manuel. _976313 |
| 245 | _aIdentificación de factores relacionados con el consumo de fertilizantes en la región del noroeste | ||
| 260 |
_aChapingo, Méx. : _bEl autor, _c1985 |
||
| 300 | _a163 h | ||
| 502 | _aTesis (Ing. Agr. Esp. en Economía Agrícola) -- UACH. Departamento de Economía Agrícola | ||
| 590 |
_aALEPH _b10 _c20130110 _lUCH01 _h1253 |
||
| 590 |
_aBATCH-UPD _b10 _c20130110 _lUCH01 _h1713 |
||
| 590 |
_aBATCH-UPD _b10 _c20130410 _lUCH01 _h1058 |
||
| 590 |
_aBATCH-UPD _b10 _c20130914 _lUCH01 _h1358 |
||
| 590 |
_aCONVERSION _b10 _c20130109 _lUCH01 _h1318 |
||
| 650 | 1 | 4 |
_aFertilizantes. _940447 |
| 700 | 0 |
_aOrozco Avilés, Héctor Francisco. _983654 |
|
| 901 | _aBK | ||
| 942 | _cTESIS | ||
| 949 |
_bBC _cTES _d-83672 _eTS1 _h17549 _i36266 _si |
||
| 999 |
_c31181 _d31181 |
||